Introducción a la ética. (Registro nro. 9611)

Detalles MARC
000 -LEADER
fixed length control field 01031nam a2200205Ia 4500
005 - FECHA Y HORA DE LA ÚLTIMA TRANSACCIÓN
control field 20241019151510.0
008 - FIXED-LENGTH DATA ELEMENTS--GENERAL INFORMATION
fixed length control field 231003s9999 xx 000 0 und d
020 ## - INTERNATIONAL STANDARD BOOK NUMBER
International Standard Book Number 978-607-438-148-1
040 ## - CATALOGING SOURCE
Original cataloging agency UPAN
Transcribing agency Biblioteca San Vicente
Description conventions RCAA2
041 ## - LANGUAGE CODE
Language code of text/sound track or separate title spa
082 ## - DEWEY DECIMAL CLASSIFICATION NUMBER
Classification number 170
Item number T693e
año de publicación 2010
100 ## - MAIN ENTRY--PERSONAL NAME
Personal name Torres Hernández, Zacarias
Relator code aut.
245 #0 - TITLE STATEMENT
Title Introducción a la ética.
250 ## - EDITION STATEMENT
Edition statement 1° ed.
260 ## - PUBLICATION, DISTRIBUTION, ETC. (IMPRINT)
Place of publication, distribution, etc México:
Name of publisher, distributor, etc Patria,
Date of publication, distribution, etc 2010
300 ## - PHYSICAL DESCRIPTION
Extent 272 p.;
Dimensions 28 cm.
505 ## - FORMATTED CONTENTS NOTE
Formatted contents note Parte I: Ámbito contextual de la ética.<br/>Capitulo 1: Introducción a la ética.<br/>Capitulo 2: Valores y virtudes.<br/>Parte II: Ética personal.<br/>Capitulo 1: Los seres humanos y la ética.<br/>Capitulo 2: Proyecto de vida.<br/>Parte III: Ética profesional.<br/>Capitulo 1: Vocación, vida académica, ética profesional.<br/>Capitulo 2: Códigos de ética profesional.<br/>Parte IV: Ética social.<br/>Capitulo 1: Ética de las organizaciones y de las instituciones.<br/>Capitulo 2: Responsabilidad social corporativa.
650 ## - SUBJECT ADDED ENTRY--TOPICAL TERM
Source of heading or term LEMB
General subdivision Ética
942 ## - ADDED ENTRY ELEMENTS (KOHA)
Koha item type Libros
Source of classification or shelving scheme Dewey Decimal Classification
Existencias
Withdrawn status Lost status Source of classification or shelving scheme Damaged status Not for loan Collection code Home library Current library Date acquired Total Checkouts Full call number Barcode Date last seen Copy number Price effective from Koha item type
    Dewey Decimal Classification     Colección General Biblioteca UPAN San Vicente Biblioteca UPAN San Vicente 03/10/2023   170 T693e 12004190 03/10/2023 01 03/10/2023 Libros
    Dewey Decimal Classification     Colección General Biblioteca UPAN San Vicente Biblioteca UPAN San Vicente 04/10/2023   170 T693e 12004191 04/10/2023 02 04/10/2023 Libros
    Dewey Decimal Classification     Colección General Biblioteca UPAN San Vicente Biblioteca UPAN San Vicente 04/10/2023   170 T693e 12004192 04/10/2023 03 04/10/2023 Libros